[Event "Mistrovstvi CR junioru a dorostencu 2018"]
[Site "Kouty nad Desnou"]
[Date "2018.03.11"]
[Round "3"]
[White "Liska, Jiri"]
[Black "Simet, Martin"]
[Result "1/2-1/2"]
[WhiteElo "2341"]
[BlackElo "2175"]
[EventDate "2018.03.09"]

1. Nf3  d6  2. d4  f5
3. c4  Nf6  4. Nc3
g6  5. g3  Bg7
6. Bg2  O-O  7. O-O  Qe8
8. d5  Na6  9. Nd4
Nc5  10. b4  Nfe4
11. Nxe4  Nxe4  12. Bb2
e5  13. Nb3  g5
14. c5  b6  15. Rc1  Ba6
16. Re1  Rb8  17. cxd6
cxd6  18. Rc7  Rb7
19. Qc2  Rxc7  20. Qxc7
Rf7  21. Qc6  Qxc6
22. dxc6  Bb5  23. Rc1
Rc7  24. f3  Nf6
25. f4  gxf4  26. gxf4
Ne4  27. Bh3  Rxc6
28. Bxf5  Rxc1+  29. Nxc1
Bc6  30. fxe5  Bxe5
31. Bxe5  dxe5  32. Nd3
Nc3  33. Kf2  e4
34. Ne5  Bd5  35. a3
Nd1+  36. Kg3  Nc3
37. Bg4  Kg7  38. Kf4
Kf6  39. Nd7+  Ke7
40. Ke5  Bc4  41. e3
Bb5  42. Nf6  Nb1
43. Nd5+  Kf7  44. Be6+
Kg7  45. Kxe4  Nxa3
46. Kd4  Nc2+  47. Kc3
Ne1  48. Nc7  Bf1
49. Bd5  Kf6  50. Be4
h5  51. Kd4  Kg5
52. Ne6+  Kg4  53. Nf4
h4  54. Kc3  a5
55. bxa5  bxa5  56. Bc6  Nf3
57. Bxf3+  Kxf3  58. Ng6
h3 59. Kd4 1/2-1/2

[Event "Mistrovstvi CR junioru a dorostencu 2018"]
[Site "Kouty nad Desnou"]
[Date "2018.03.11"]
[Round "3"]
[White "Havelka, Josef"]
[Black "Husek, Martin"]
[Result "1-0"]
[WhiteElo "2333"]
[BlackElo "2203"]
[EventDate "2018.03.09"]

1. e4  c5  2. Nf3  e6
3. b3  b6  4. Bb2
Bb7  5. Nc3  Nc6
6. g3  Nf6  7. Bg2
Nd4  8. d3  d5
9. O-O  Be7  10. e5  Nd7
11. Nxd4  cxd4  12. Nb5
Nxe5  13. Bxd4  Bf6
14. f4  Nc6  15. Bxf6
gxf6  16. c4  Ne7
17. Qe1  a6  18. Nc3
Qd7  19. Qf2  b5
20. Qd4  O-O-O  21. cxb5
axb5  22. Rfc1  Kb8
23. a4  Nf5  24. Qf2
d4  25. Nxb5  Bxg2
26. Qxg2  Rc8  27. Qe4
Rxc1+  28. Rxc1  Rc8
29. Rc4  Qb7  30. Kf2
Rxc4  31. bxc4  Qa6
32. g4  Ne3  33. h3
Qxa4  34. Qxd4  Nd5
35. cxd5  Qxb5  36. d6
Kc8  37. Qc4+  Qxc4
38. dxc4  1-0

[Event "Mistrovstvi CR junioru a dorostencu 2018"]
[Site "Kouty nad Desnou"]
[Date "2018.03.11"]
[Round "3"]
[White "Pychova, Nela"]
[Black "Zeman, Matyas"]
[Result "0-1"]
[WhiteElo "2127"]
[BlackElo "2240"]
[EventDate "2018.03.09"]

1. Nf3  c5  2. c4  Nf6
3. Nc3  Nc6  4. g3
d5  5. d4  dxc4
6. dxc5  Qxd1+  7. Nxd1  e5
8. Bg2  Bxc5  9. Ne3
Bxe3  10. Bxe3  Be6
11. Nd2  Rc8  12. Rc1
b5  13. b3  Nd4
14. bxc4  bxc4  15. Bxd4  exd4
16. Nf3  Bd5  17. O-O
Bxf3  18. Bxf3  Ke7
19. Bb7  Rc7  20. Ba6
c3  21. e3  dxe3
22. fxe3  Rd8  23. Rf4
g5  24. Rc4  Rxc4
25. Bxc4  Ne4  26. Bb3
Rc8  27. Bc2  Nd6
28. Bd3  f5  29. Kf1
Ke6  30. Ke2  Ke5
31. Rb1  Rc5  32. Kd1
Ra5  33. Ra1  Ra3
34. Kc2  h6  35. h3
Ne4  36. g4  fxg4
37. hxg4  Nf2  38. Bf5
h5  39. Rg1  h4
40. Rb1  h3  41. Rb5+  Kf6
42. e4  Rxa2+  43. Kxc3
Re2  44. Kd4  h2
45. e5+  Rxe5  46. Rxe5
h1=Q  47. Re6+  Kf7
48. Ke5  Qa1+  49. Kd6
Qd4+  0-1

[Event "Mistrovstvi CR junioru a dorostencu 2018"]
[Site "Kouty nad Desnou"]
[Date "2018.03.11"]
[Round "3"]
[White "Rastocny, Josef"]
[Black "Hurdzan, Tomas"]
[Result "1/2-1/2"]
[WhiteElo "2098"]
[BlackElo "2202"]
[EventDate "2018.03.09"]

1. d4  Nf6  2. c4  e6
3. Nf3  Bb4+  4. Bd2
a5  5. a3  Bxd2+
6. Qxd2  d6  7. Nc3
Nbd7  8. e3  O-O
9. Be2  e5  10. dxe5
dxe5  11. O-O  Qe7
12. b3  c6  13. Rfd1
Nc5  14. Qb2  Bg4
15. h3  Bh5  16. b4
axb4  17. axb4  Rxa1
18. Qxa1  Na6  19. b5
cxb5  20. Nxb5  Bxf3
21. Bxf3  e4  22. Be2
Nc5  23. Qd4  Ra8
1/2-1/2

[Event "Mistrovstvi CR junioru a dorostencu 2018"]
[Site "Kouty nad Desnou"]
[Date "2018.03.12"]
[Round "4"]
[White "Hollan, Martin"]
[Black "Hurdzan, Tomas"]
[Result "1/2-1/2"]
[WhiteElo "2210"]
[BlackElo "2202"]
[EventDate "2018.03.09"]

1. c4  e6  2. Nc3  d5
3. d4  Nf6  4. Bg5
Be7  5. cxd5  exd5
6. e3  O-O  7. Bd3
Nbd7  8. Nge2  c6
9. O-O  Re8  10. Qc2
Nf8  11. Rae1  g6
12. f3  Ne6  13. Bh4
b5  14. Kh1  a5
15. a4  b4  16. Nb1  Qb6
17. Nd2  Ba6  18. Nb3
Nd7  19. Bxe7  Rxe7
20. Rc1  Rc8  21. Bxa6
Qxa6  22. e4  Ree8
23. f4  dxe4  24. f5
Ng7  25. Ng3  e3
26. Rce1  c5  27. Nxc5
Nxc5  28. dxc5  Re5
29. Qb3  Nxf5  30. Nxf5
gxf5  31. Rf3  e2
32. Re3  Qe6  33. Qxe6
Rxe6  34. R3xe2  Rxc5
35. Kg1  Rxe2  36. Rxe2
Kg7  37. Kf2  Kf6
38. Rd2  Ke5  39. Ke3
h5  40. Re2  Rc4
41. Kd3+  Re4  42. Rc2
Rd4+  43. Ke2  Kd5
44. Rc7  Ke6  1/2-1/2

[Event "Mistrovstvi CR junioru a dorostencu 2018"]
[Site "Kouty nad Desnou"]
[Date "2018.03.12"]
[Round "4"]
[White "Zeman, Matyas"]
[Black "Rastocny, Josef"]
[Result "0-1"]
[WhiteElo "2240"]
[BlackElo "2098"]
[EventDate "2018.03.09"]

1. e4  e6  2. d4  d5
3. Nc3  Nf6  4. e5
Nfd7  5. f4  c5 6. Nf3
Nc6  7. Be3  cxd4
8. Nxd4  Bc5  9. Qd2
O-O  10. O-O-O  Nxd4
11. Bxd4  b6  12. h4
Bxd4  13. Qxd4  Nc5
14. b4  Nd7  15. Bd3
a5  16. Ne4  Qe7
17. Nd6  axb4  18. f5
exf5  19. Bxf5  Ba6
20. Rhe1  Nc5  21. Re3
Bc4  22. Rg3  Ne6
23. Qg4  g6  24. h5
Ng7  25. hxg6  fxg6
26. Bxg6  hxg6  27. Nxc4
dxc4  28. Rd7  Qxe5
29. Qxc4+  Kh8  30. Rh3+
Nh5  31. Qd3  Qa1+
32. Kd2  Rf2+  33. Ke3
Re8+  34. Kxf2  Qe1+
35. Kf3  Rf8+  36. Kg4
Qe6+  37. Kg5  Qf6+
38. Kh6  Qf4+  39. Kxg6
Rf6+  0-1

[Event "Mistrovstvi CR junioru a dorostencu 2018"]
[Site "Kouty nad Desnou"]
[Date "2018.03.12"]
[Round "4"]
[White "Husek, Martin"]
[Black "Pychova, Nela"]
[Result "1-0"]
[WhiteElo "2203"]
[BlackElo "2127"]
[EventDate "2018.03.09"]

1. e4  c5  2. Nf3  Nc6
3. d4  cxd4  4. Nxd4
e5  5. Nb5  a6
6. Nd6+  Bxd6  7. Qxd6  Qf6
8. Qxf6  Nxf6  9. Nc3
Nb4  10. Bd3  d6
11. f4  h6  12. O-O
Bd7  13. b3  Rc8
14. Bb2  O-O  15. Rad1
b5  16. a3  Nc6
17. Nd5  Nxd5  18. exd5  Nd4
19. fxe5  Nxc2  20. e6
fxe6  21. Rxf8+  Kxf8
22. Rc1  Ne3  23. dxe6
Bc6  24. e7+  Ke8
25. Re1  Nd5  26. Bg6+
1-0

[Event "Mistrovstvi CR junioru a dorostencu 2018"]
[Site "Kouty nad Desnou"]
[Date "2018.03.12"]
[Round "4"]
[White "Simet, Martin"]
[Black "Havelka, Josef"]
[Result "1/2-1/2"]
[WhiteElo "2175"]
[BlackElo "2333"]
[EventDate "2018.03.09"]

1. d4  Nf6  2. c4  c6
3. Nf3  d5  4. g3
dxc4  5. Bg2  g6
6. Ne5  Bg7  7. O-O
O-O  8. Na3  Nbd7
9. Naxc4  Nxe5  10. Nxe5
Ng4  11. Nf3  Bf5
12. Bf4  Qb6  13. h3
Nf6  14. g4  Be4
15. Qb3  Nd5  16. Bg3
Qxb3  17. axb3  Rfc8
18. Ne5  Bxg2  19. Kxg2
c5  20. Rfc1  Bxe5
21. dxe5  a6  22. Rd1
Rd8  23. Kf3  Kf8
24. Ke4  Nb4  25. f4
Ke8  26. f5  1/2-1/2

[Event "Mistrovstvi CR junioru a dorostencu 2018"]
[Site "Kouty nad Desnou"]
[Date "2018.03.12"]
[Round "4"]
[White "Novy, Filip"]
[Black "Liska, Jiri"]
[Result "1-0"]
[WhiteElo "2143"]
[BlackElo "2341"]
[EventDate "2018.03.09"]

1. e4  Nf6  2. e5  Nd5
3. d4  d6  4. c4
Nb6  5. exd6  cxd6
6. Nc3  g6  7. Bg5
Bg7  8. Nf3  O-O
9. Rc1  Bg4  10. Be2
h6  11. Be3  d5
12. c5  Nc4  13. Bxc4  dxc4
14. Qe2  e5  15. d5
e4  16. Nxe4  Qxd5
17. Qxc4  Qxc4  18. Rxc4
Be6  19. Ra4  Bd7
20. Rb4  Na6  21. Rxb7
Bc6  22. Re7  Nb4
23. Nd6  Rab8  24. O-O
Nd5  25. Rxa7  Rxb2
26. Bd4  Bxd4  27. Nxd4
Ba8  28. c6  Rd2
29. Nf3  Rc2  30. Ne5
Bxc6  31. Ndxf7  Nf4
32. Nxh6+  Kh8  33. h3
Bd5  34. a4  Re2
35. Re7  Rf6  36. Rb1
1-0

[Event "Mistrovstvi CR junioru a dorostencu 2018"]
[Site "Kouty nad Desnou"]
[Date "2018.03.12"]
[Round "4"]
[White "Kozusek, Daniel"]
[Black "Stepan, Patrik"]
[Result "1-0"]
[WhiteElo "2250"]
[BlackElo "2226"]
[EventDate "2018.03.09"]

1. d4  Nf6  2. c4  e6
3. Nf3  d5  4. e3
Be7  5. b3  O-O
6. Bb2  b6  7. Bd3  Bb7
8. O-O  c5  9. cxd5
Nxd5  10. dxc5  Bxc5
11. Qe2  Nc6  12. a3
Rc8  13. Rd1  Qe7
14. Nbd2  f5  15. b4
Bd6  16. g3  a5
17. e4  fxe4  18. Nxe4  axb4
19. Nxd6  Qxd6  20. Ng5
h6  21. Qh5  e5
22. Bh7+  Kh8  23. Nf7+  Rxf7
24. Qxf7  Rf8  25. Qxb7
Kxh7  26. Qxb6  Rd8
27. Qa6  bxa3  28. Qd3+
Kh8  29. Rxa3  Qb4
30. Qd2  Ne3  31. Qxd8+
Nxd8  32. Rxd8+  Kh7
33. Rxe3  Qxb2  34. Rd1
h5  35. Rde1  h4
36. Rxe5  hxg3  37. hxg3
Qd4  38. R1e4  Qa1+
39. Kg2  Qa8  40. Re7
Qd5  41. Kh2  Kg8
42. Rf4  Qh5+  43. Kg2
Qd5+  44. f3  Qc6
45. Re2  Qb5  46. Rd2
Qb6  47. Re4  Qa5
48. Rd7  Qf5  49. Rd8+
Kh7  50. Rh4+  Kg6
51. Rd6+  1-0

[Event "Mistrovstvi CR junioru a dorostencu 2018"]
[Site "Kouty nad Desnou"]
[Date "2018.03.12"]
[Round "5"]
[White "Stepan, Patrik"]
[Black "Hollan, Martin"]
[Result "0-1"]
[WhiteElo "2226"]
[BlackElo "2210"]
[EventDate "2018.03.09"]

1. d4  Nf6  2. c4  g6
3. Nc3  Bg7  4. e4
d6  5. Nf3  O-O
6. Be2  e5  7. O-O  exd4
8. Nxd4  Re8  9. f3
c6  10. Rb1  d5
11. exd5  cxd5  12. c5  Nc6
13. Ncb5  Nxd4  14. Nxd4
Nd7  15. Bb5  a6
16. Bxd7  Bxd7  17. b4
a5  18. a3  axb4
19. axb4  Ra2  20. Rb2
Ra1  21. Qd3  Qh4
22. f4  Bxd4+  23. Qxd4
Rxc1  0-1

[Event "Mistrovstvi CR junioru a dorostencu 2018"]
[Site "Kouty nad Desnou"]
[Date "2018.03.12"]
[Round "5"]
[White "Liska, Jiri"]
[Black "Kozusek, Daniel"]
[Result "0-1"]
[WhiteElo "2341"]
[BlackElo "2250"]
[EventDate "2018.03.09"]

1. Nf3  d5  2. d4  Nf6
3. c4  e6  4. g3
Bb4+  5. Bd2  Bd6
6. Bg2  O-O  7. Qc2
c6  8. O-O  Nbd7
9. b3  Ne4  10. Bc1
Qe7  11. Nfd2  Nxd2
12. Nxd2  f5  13. Nf3
b6  14. Bb2  Bb7
15. Rac1  Rac8  16. Qd2
Nf6  17. Ne5  Ne4
18. Qe3  c5  19. cxd5
exd5  20. Nd3  Ba6
21. Rfd1  Qf7  22. f3
Bxd3  23. Qxd3  c4
24. Qc2  c3  25. Ba1
Nxg3  26. hxg3  Bxg3
27. e3  f4  28. Qe2
fxe3  29. Bxc3  Qf4
30. Be1  Bh2+  31. Kf1
Rce8  32. Rc2  Qh6
33. Qb5  Qg5  34. Bb4
Rxf3+  35. Bxf3  e2+
36. Ke1  Bg3# 0-1

[Event "Mistrovstvi CR junioru a dorostencu 2018"]
[Site "Kouty nad Desnou"]
[Date "2018.03.12"]
[Round "5"]
[White "Havelka, Josef"]
[Black "Novy, Filip"]
[Result "1-0"]
[WhiteElo "2333"]
[BlackElo "2143"]
[EventDate "2018.03.09"]

1. e4  e6  2. d4  d5
3. Nd2  c5  4. exd5
Qxd5  5. Ngf3  cxd4
6. Bc4  Qd7  7. O-O
Nc6  8. Nb3  Nf6
9. Nbxd4  Nxd4  10. Nxd4
a6  11. Re1  Be7
12. Bf4  b5  13. Bb3
Bb7  14. a4  Nd5
15. Be5  Bf6  16. axb5
axb5  17. Rxa8+  Bxa8
18. c4  Bxe5  19. Rxe5
Qc7  20. Rxe6+  fxe6
21. Nxe6  Qe5  22. cxd5
Ke7  23. Qd2  Rc8
24. h3  Bb7  25. f4
Qe4  26. Ng5  Qf5
27. d6+  Kf6  28. d7
Qc5+  29. Kh2  Rd8
30. Ne6  1-0

[Event "Mistrovstvi CR junioru a dorostencu 2018"]
[Site "Kouty nad Desnou"]
[Date "2018.03.12"]
[Round "5"]
[White "Pychova, Nela"]
[Black "Simet, Martin"]
[Result "1/2-1/2"]
[WhiteElo "2127"]
[BlackElo "2175"]
[EventDate "2018.03.09"]

1. Nf3  Nf6  2. g3  b5
3. Bg2  Bb7  4. O-O
e6  5. d3  c5
6. e4  d6  7. Nbd2  Be7
8. c3  O-O  9. Re1
Nbd7  10. a4  a6
11. Qe2  Qc7  12. h4
Rfc8  13. Bh3  Nf8
14. Ng5  h6  15. Ngf3
Bc6  16. a5  Rab8
17. Nh2  Ba8  18. c4
N6d7  19. Ng4  Ne5
20. Nxe5  dxe5  21. Qh5
Rd8  22. Bf1  Ng6
23. Qg4  Bf6  24. cxb5
axb5  25. Nf3  Kh7
26. Be3  Qd6  27. Rec1
Rdc8  28. Nd2  Be7
29. Rc2  Nf8  30. Qh5
Kg8  31. Qg4  Kh7
32. Qh5  Kg8  33. Qg4
Kh7  1/2-1/2

[Event "Mistrovstvi CR junioru a dorostencu 2018"]
[Site "Kouty nad Desnou"]
[Date "2018.03.12"]
[Round "5"]
[White "Rastocny, Josef"]
[Black "Husek, Martin"]
[Result "1/2-1/2"]
[WhiteElo "2098"]
[BlackElo "2203"]
[EventDate "2018.03.09"]

1. d4  Nf6  2. Nf3  c5
3. e3  b6  4. Bd3
Bb7  5. O-O  g6
6. b3  Bg7  7. Bb2  O-O
8. Nbd2  Nc6  9. a3
Rc8  10. Re1  Qc7
11. Rc1  Rfd8  12. Qe2
d5  13. c4  dxc4
14. Bxc4  Nd5  15. Red1
Qb8  16. g3  cxd4
17. exd4  e6  18. Ne5
Nce7  19. Ne4  h6
1/2-1/2

[Event "Mistrovstvi CR junioru a dorostencu 2018"]
[Site "Kouty nad Desnou"]
[Date "2018.03.12"]
[Round "5"]
[White "Hurdzan, Tomas"]
[Black "Zeman, Matyas"]
[Result "1-0"]
[WhiteElo "2202"]
[BlackElo "2240"]
[EventDate "2018.03.09"]

1. e4  c5  2. Nf3  g6
3. d4  cxd4  4. Nxd4
Bg7  5. Be2  Nc6
6. Nb3  Nf6  7. Nc3
O-O  8. O-O  d6
9. Bg5  Be6  10. Kh1  Rc8
11. f4  a6  12. Bf3
Nd7  13. Rb1  Nb6
14. Nd5  Nc4  15. c3
Re8  16. Qe2  b5
17. Rbd1  Qd7  18. Rfe1
Qa7  19. Nc1  Qb8
20. Nd3  a5  21. Nf2
a4  22. a3  Qa7
23. Bh4  Kh8  24. Rd3  Kg8
25. Bg4  Rb8  26. Red1
N6a5  27. Nb4  Bxg4
28. Nxg4  Qd7  29. Nd5
Nxb2  30. Bxe7  Rxe7
31. Ngf6+  1-0

[Event "Mistrovstvi CR junioru a dorostencu 2018"]
[Site "Kouty nad Desnou"]
[Date "2018.03.13"]
[Round "6"]
[White "Hollan, Martin"]
[Black "Zeman, Matyas"]
[Result "1-0"]
[WhiteElo "2210"]
[BlackElo "2240"]
[EventDate "2018.03.09"]

1. d4  b6  2. e4  Bb7
3. Nc3  e6  4. Bd3
d6  5. Nf3  Nd7
6. Qe2  g6  7. Ba6  Bxa6
8. Qxa6  Bg7  9. O-O
Ne7  10. Bf4  Qc8
11. Qe2  h6  12. h4
Qb7  13. a4  a6
14. Rad1  Nf6  15. e5  Nfd5
16. Nxd5  Nxd5  17. Bg3
dxe5  18. c4  Nf4
19. Bxf4  exf4  20. d5
O-O  21. dxe6  Qc6 22. Rfe1
Qxe6  23. Qxe6  fxe6
24. Rxe6  Bf6  25. Rc6
Rf7  26. b4  g5
27. hxg5  hxg5  28. a5  g4
29. Nh2  bxa5  30. Nxg4
Bg7  31. bxa5  Rf5
32. Rd5  Rxd5  33. cxd5
Rd8  34. Rxa6  Rxd5
35. Nf6+  Bxf6  36. Rxf6
Rd4  37. a6  Ra4
38. Kh2  Kg7  39. Rc6
Kf8  40. Kh3  Ke8
41. Rxc7  f3  42. a7
1-0

[Event "Mistrovstvi CR junioru a dorostencu 2018"]
[Site "Kouty nad Desnou"]
[Date "2018.03.13"]
[Round "6"]
[White "Husek, Martin"]
[Black "Hurdzan, Tomas"]
[Result "0-1"]
[WhiteElo "2203"]
[BlackElo "2202"]
[EventDate "2018.03.09"]

1. e4  c5  2. Nf3  Nc6
3. d4  cxd4  4. Nxd4
Nf6  5. Nc3  d6
6. Bg5  e6  7. Qd2  Be7
8. O-O-O  Nxd4  9. Qxd4
a6  10. Bxf6  gxf6
11. Na4  b5  12. Nb6
Rb8  13. Nxc8  Rxc8
14. f4  Qc7  15. Bd3
Qc5  16. Qg1  Rg8
17. Kb1  a5  18. g3
b4  19. Qxc5  Rxc5
20. b3  Bd8  21. a3
Bb6  22. Kb2  Ke7
23. axb4  axb4 24. Ra1  Rh5
25. Ra4  Bd4+  26. Ka2
Rb8  27. f5  Rg5
28. Kb1  h5  29. Kc1
h4  30. Kd2  hxg3
31. hxg3  Rxg3  32. Rh2
Rg4  33. Ke2  Bc5
34. fxe6  Kxe6  35. Ra1
Rbg8  36. Rf1  Bg1
37. Rh5  Rg2+  38. Kd1
Ra8  39. Bc4+  Ke7
40. Kc1  Ra1+  41. Kb2
Bd4# 0-1

[Event "Mistrovstvi CR junioru a dorostencu 2018"]
[Site "Kouty nad Desnou"]
[Date "2018.03.13"]
[Round "6"]
[White "Simet, Martin"]
[Black "Rastocny, Josef"]
[Result "1-0"]
[WhiteElo "2175"]
[BlackElo "2098"]
[EventDate "2018.03.09"]

1. d4  d5  2. Bf4  e6
3. e3  f5  4. Nd2
Nf6  5. c4  c6
6. Bd3  Be7  7. h3  O-O
8. a3  Bd7  9. Ngf3
Ne4  10. Ne5  Be8
11. O-O  a5  12. Ndf3
Bh5  13. Qc2  Bxf3
14. Nxf3  Nd7  15. c5
g5  16. Bh2  Rf7
17. Ne5  Nxe5  18. Bxe5
Bf6  19. Bh2  Bh8
20. f3  Nf6  21. g4
fxg4  22. fxg4  Qf8 23. Be5
Qh6  24. Rf3  Raf8
25. Raf1  Bg7  26. Bd6
Re8  27. Qa4  Rd7
28. Qc2  Rf7  29. Qg2
Rd7  30. Rg3  b6
31. h4  bxc5  32. hxg5
Qxg5  33. Bf4  Qh4
34. g5  1-0

[Event "Mistrovstvi CR junioru a dorostencu 2018"]
[Site "Kouty nad Desnou"]
[Date "2018.03.13"]
[Round "6"]
[White "Novy, Filip"]
[Black "Pychova, Nela"]
[Result "0-1"]
[WhiteElo "2143"]
[BlackElo "2127"]
[EventDate "2018.03.09"]

1. e4  c5  2. Nc3  e6
3. Nf3  Nc6  4. d4
cxd4  5. Nxd4  a6
6. g3  Nge7  7. Nb3
b5  8. Bg2  Ng6
9. O-O  Be7  10. Kh1  O-O
11. f4  Bb7  12. Be3
d6  13. Qe1  Qc7
14. Qf2  Rac8  15. Rad1
Qb8  16. h4  Bf6
17. h5  Nge7 18. e5  Nxe5
19. fxe5  Bxe5  20. Nd4
Bxg2+  21. Qxg2  b4
22. Nce2  Nd5  23. Bg1
Qc7  24. Rd3  Qa5
25. Qh3  Nf6  26. g4
Qd5+  27. Nf3  Qe4
28. Re3  Qxg4  29. Nxe5
Qxh3+  30. Rxh3  dxe5
31. h6  Ng4  32. hxg7
Kxg7  33. Ng3  f5
34. c3  bxc3  35. bxc3
Kg6  36. Ne2  Rfd8
37. Rb1  Rd2  38. Nc1
Rd1  39. Kg2  Rcd8
40. Be3  f4  41. Bc5
h5  42. Rb6  R8d2+
43. Kf3  Rxc1  44. Rxe6+
Kf5  0-1

[Event "Mistrovstvi CR junioru a dorostencu 2018"]
[Site "Kouty nad Desnou"]
[Date "2018.03.13"]
[Round "6"]
[White "Kozusek, Daniel"]
[Black "Havelka, Josef"]
[Result "1-0"]
[WhiteElo "2250"]
[BlackElo "2333"]
[EventDate "2018.03.09"]

1. d4  d5  2. c4  c6
3. cxd5  cxd5  4. Bf4
Nc6  5. Nc3  a6
6. e3  Nf6  7. Be2  e6
8. Rc1  Bd6  9. Bxd6
Qxd6  10. Bd3  O-O
11. f4  b5  12. Nf3
Bb7  13. Ne5  Na5
14. O-O  Ne4  15. Qe1
b4  16. Na4  f6
17. Bxe4  dxe4  18. Nc4  Nxc4
19. Rxc4  a5  20. Rc1
Bc6  21. Nc5  Rfb8
22. Rf2  a4 23. Rc4  Qd5
24. b3  axb3  25. axb3
Ra5  26. Rxb4  Rba8
27. Rb8+  Rxb8  28. Qxa5
e5  29. fxe5  fxe5
30. Rf5  Ra8  31. Qe1
Ra2  32. Qf1  h6
33. Rf8+  Kh7  34. Qf5+
g6  35. Rf7+  1-0

[Event "Mistrovstvi CR junioru a dorostencu 2018"]
[Site "Kouty nad Desnou"]
[Date "2018.03.13"]
[Round "6"]
[White "Stepan, Patrik"]
[Black "Liska, Jiri"]
[Result "1-0"]
[WhiteElo "2226"]
[BlackElo "2341"]
[EventDate "2018.03.09"]

1. d4  Nf6  2. c4  g6
3. Nc3  d5  4. cxd5
Nxd5  5. e4  Nxc3
6. bxc3  Bg7  7. Be3
c5  8. Qd2  Qa5
9. Rc1  O-O  10. Nf3  Rd8
11. d5  Nc6  12. Bd3
e6  13. Bg5  f6
14. Be3  b6  15. O-O  Ba6
16. c4  Nb4  17. Bb1
exd5  18. exd5  Qa4
19. Qd1  Qa3  20. Qb3
Qxb3  21. axb3  Bc8
22. Bf4 Bf8  23. Rfe1  Kf7
24. Rc3  Bg4  25. h3
Bd7  26. Rce3  Rac8
27. g4  h6  28. Bg3
Kg7  29. Nh4  Be8
30. Ng2  Bf7  31. Nf4
Na6  32. Ne6+  Bxe6
33. Rxe6  Kf7  34. Bh4
g5  35. Bg3  Nb8
36. Bf5  Nd7  37. R6e2
Ra8  38. Kg2  Ne5
39. Bxe5  fxe5  40. Rxe5
Kg7  41. h4  gxh4
42. Kh3  Rd6  43. Kxh4
a5  44. Re8  Ra7
45. R1e4  b5  46. cxb5
Rxd5  47. R4e6  Rd1
48. b6  Rad7  49. Rg6+
Kf7  50. Rxf8+  Kxf8
51. Bxd7  Rxd7  52. Rxh6
Kg7  53. Rc6  Rd3
54. Rxc5  Rxb3  55. Rxa5
Rxb6  56. f4  Kh6
57. g5+  Kg7  58. Kh5
Kh7  59. Ra7+  Kh8
60. f5  1-0

[Event "Mistrovstvi CR junioru a dorostencu 2018"]
[Site "Kouty nad Desnou"]
[Date "2018.03.14"]
[Round "7"]
[White "Liska, Jiri"]
[Black "Hollan, Martin"]
[Result "1-0"]
[WhiteElo "2341"]
[BlackElo "2210"]
[EventDate "2018.03.09"]

1. Nf3  Nf6  2. c4  g6
3. g3  Bg7  4. Bg2
d6  5. d4  O-O
6. O-O  c6  7. Nc3  Qa5
8. h3  e5  9. e4
Nbd7  10. Be3  exd4
11. Nxd4  Re8  12. a3
Ne5  13. b4  Qc7
14. Qb3  Be6  15. Nxe6
Rxe6  16. Rad1  Rae8
17. Rd2  a6  18. f4
Ned7  19. Bf2  Nh5
20. c5  dxc5  21. bxc5
Nxc5  22. Bxc5  Nxg3
23. Rff2  Bxc3  24. Qxc3
Nxe4  25. Bxe4  Rxe4
26. Qf6  R4e6  27. Qd4
Re4  28. Qf6  R4e6
29. Qc3  b6  30. Bd4
Qe7  31. Bxb6  Re1+
32. Kh2  Qb7  33. Bc5
Qb1  34. Qf3  Qb5
35. Bd4  c5  36. Be5
c4  37. Rde2  Rxe2
38. Rxe2  Qc5  39. Bb2
Rxe2+  40. Qxe2  c3
41. Bc1  c2  42. Qe8+
Kg7  43. Bb2+  f6
44. Qd7+  Kh6  45. Qd2
g5  46. h4  g4
47. Bc1  f5  48. Bb2  Kg6
49. Qe1  Kf7  50. Qd2
Qc6  51. Bc3  Qe4
52. Be5  Qc6  53. Bc3
Qe4  54. Qd7+  Kf8
55. Bb4+  Qxb4  56. Qc8+
1-0

[Event "Mistrovstvi CR junioru a dorostencu 2018"]
[Site "Kouty nad Desnou"]
[Date "2018.03.14"]
[Round "7"]
[White "Havelka, Josef"]
[Black "Stepan, Patrik"]
[Result "1-0"]
[WhiteElo "2333"]
[BlackElo "2226"]
[EventDate "2018.03.09"]

1. e4  c5  2. Nf3  d6
3. d4  cxd4  4. Nxd4
Nf6  5. Nc3  a6
6. h3  e6  7. g4  h6
8. Bg2  Qc7  9. O-O
g5  10. f4  gxf4
11. Bxf4  Nbd7  12. Nb3
e5  13. Be3  Be7
14. Qf3  Rh7  15. Rf2
b5  16. Raf1  Bb7
17. Nd5  Nxd5  18. exd5
Bh4  19. Rd2  f6
20. Qf5  Nf8  21. Qh5+
1-0

[Event "Mistrovstvi CR junioru a dorostencu 2018"]
[Site "Kouty nad Desnou"]
[Date "2018.03.14"]
[Round "7"]
[White "Pychova, Nela"]
[Black "Kozusek, Daniel"]
[Result "0-1"]
[WhiteElo "2127"]
[BlackElo "2250"]
[EventDate "2018.03.09"]

1. e4  c5  2. Nf3  e6
3. d3  d5  4. Nbd2
Nc6  5. g3  Nf6
6. Bg2  Be7  7. O-O  O-O
8. Re1  Qc7  9. c3
b6  10. e5  Nd7
11. Qe2  Ba6  12. Nf1  Rae8
13. Bf4  Bd8  14. h4
Qb8  15. N1h2  Bc7
16. Ng4  f6  17. exf6
Bxf4  18. fxg7  Kxg7
19. gxf4  Qxf4  20. Ng5
Nf6  21. Nxf6  Qxf6
22. Nxe6+  Kh8  23. Nxf8
Rxe2  24. Rxe2  Qxf8
25. Rae1  Qf5  26. Re6
Bb5  27. R1e3  Nd8
28. R6e5  Qf6  29. Rxd5
Bc6  30. Rxd8+  Qxd8
31. Bxc6  Qxh4  32. Bg2
Qa4  33. a3  h5
34. Rh3  Qd1+  35. Kh2  Kg7
36. Bf3  Qd2  37. Kg2
Qxb2  38. c4  Qxa3
39. Bxh5  Qb4  40. Be8
a5  41. Rg3+  Kf8
42. Bb5  a4  43. Bxa4
Qxa4  44. Re3  Qd1
45. Kg3  Kf7  46. Kf4
Kf6  47. Rf3  Qd2+
48. Kg4+  Ke5  49. Rf5+
Ke6  50. Rf3  Kd6
51. Rf6+  Ke5  52. Rf5+
Ke6  53. Rf3  Qe2
54. Kg3  Qd1  55. Kf4
Kd6  56. Re3  Qd2
57. Kg3  Kc7  58. Re7+
Kb8  59. Re3  Kb7
60. Rf3  Ka6  61. Kg4
Qe2  62. Kg3  Ka5
63. Re3  Qd2  64. Rf3
Kb4  65. Kg4  Qe2
66. Kf4  Kc3  67. Kg4
Qe1  68. Kg3  Qg1+
69. Kh3  Kd4  70. Kh4
Qg2  71. Rf6  Kxd3
72. f4  Ke4  73. Rxb6
Kf5  0-1

[Event "Mistrovstvi CR junioru a dorostencu 2018"]
[Site "Kouty nad Desnou"]
[Date "2018.03.14"]
[Round "7"]
[White "Rastocny, Josef"]
[Black "Novy, Filip"]
[Result "0-1"]
[WhiteElo "2098"]
[BlackElo "2143"]
[EventDate "2018.03.09"]

1. d4  Nf6  2. c4  c5
3. d5  e6  4. Nc3
exd5  5. cxd5  d6
6. Nf3  g6  7. Nd2
Bg7  8. e4  O-O
9. Be2  Na6  10. O-O  Nc7
11. a4  b6  12. Kh1
Rb8  13. f3  a6
14. Nc4  b5  15. Qb3  Bb7
16. axb5  axb5  17. Na5
Ba8  18. Nc6  Bxc6
19. dxc6  Qe8  20. Nxb5
Qxc6  21. Ra5  Rb6
22. Qa4  Rfb8  23. Nxc7
Qxc7  24. Bc4  Rb4
0-1